Normal view
MARC view
- Strom, Steven R
Entry Personal Name
001 - CONTROL NUMBER
- control field: 110640
003 - CONTROL NUMBER IDENTIFIER
- control field: NUST
005 - DATE AND TIME OF LATEST TRANSACTION
- control field: 20230320123341.0
008 - FIXED-LENGTH DATA ELEMENTS
- fixed length control field: 230320|| aca||aabn | a|a d
040 ## - CATALOGING SOURCE
- Original cataloging agency: NUST
- Transcribing agency: NUST
100 ## - HEADING--PERSONAL NAME
- Personal name: Strom, Steven R
670 ## - SOURCE DATA FOUND
- Source citation: Work cat.: (NUST)0: Strom, Steven R., International launch site guide /, c2005.
